MARC
| LEADER | 00000 a a2200000 04500 | ||
|---|---|---|---|
| 001 | 23601 | ||
| 003 | |||
| 040 | |||
| 090 | |a 162300 | ||
| 100 | |a Bastos, Santiago | ||
| 245 | |a Quebrando el silencio: organizaciones del Pueblo Maya y sus demandas 1986 - 1992 / |c Santiago Bastos | ||
| 260 | |a Guatemala: |b FLACSO | ||
| 300 | |a 216 p |b **no definido** |b fonodiscos | ||
| 700 | |a Camus, Manuela | ||
| 999 | |c 13931 |d 13931 | ||
